000 00386nam a2200169Ia 4500
008 230711s9999||||xx |||||||||||||| ||und||
020 _a978-81-317-0972-6
041 _aENG
082 _a541.394
_bLA-C
100 _aLaidler,Keith J
245 0 _aChemical kinetics
250 _a3rd Ed.
260 _c2011
_aNew Delhi
_bPearson
300 _a531
650 _aChemistry
942 _cBK
999 _c5444
_d5444